000 00919nac a22002777a 4500
001 BR8404382
003 BR-BrBNA
005 20240105120147.0
008 230509b bl.|||m| |||| 00| 0 por d
040 _aBR-BrBNA
_bpor
_cBiblioteca Nacional de Agricultura
072 _aL02
090 _a5214 BR8404382
100 1 _aMoreira, H.A.
110 1 _aCentro Nacional de Pesquisa de Gado de Leite, Coronel Pacheco, MG (Brasil)
_91775
245 1 _aSuplementos de concentrados para vacas leiteiras
250 1 _a2. ed.
260 3 _aCoronel Pacheco, MG (Brasil):
_c1984.
300 _a14 p.
490 _aCircular Tecnica - Centro Nacional de Pesquisa de Gado de Leite (Brazil)
_vno. 17
_xISSN 0100-8757
650 _aNUTRICAO ANIMAL
650 _aALIMENTO CONCENTRADO
650 _aSUPLEMENTO ALIMENTAR
650 _aGADO LEITEIRO
909 _a202312
_bLúcia Elande
_c55
_dLúcia Elande
942 _2AGRIS
_n0
_cMS
999 _c278159
_d278159